Electrical and Electronic components by picture - Statistics

General Stats
  • This quiz has been taken 105 times
  • The average score is 3 of 28
Answer Stats
Picture Hint Answer % Correct
Light emitting diode
63%
CPU
43%
pushbutton
38%
arm QFP 64 microcontroller
23%
(configuration) Jumper
16%
PCB transformer
15%
contactor
14%
2.54 pin header
8%
female SubMiniature version A connector
8%
miniature circuit breaker
7%
screw terminal
7%
SD card slot
7%
voltage regulator
7%
motor circuit breaker
6%
battery slot
5%
DCDC converter
5%
quartz crystal
5%
resistor array
5%
general package SMD ceramic capacitor
5%
somewhat precise package SMD Melf diode
5%
general package THT resistor
5%
precise package axial THT electrolytic capacitor
3%
what it does dip 14 operational amplifier
3%
flat flex connector
3%
PTC self resetting fuse
3%
general package SMD ferrite bead
3%
specific package SOT transistor
3%
USB B female connector
3%
No matching quizzes found
Score Distribution
Percent of People with Each Score
Percentile by Number Answered
Your Score History
You have not taken this quiz